[Event "ICS rated blitz match"]
[Site "204.178.125.65"]
[Date "2000.02.14"]
[Round "?"]
[White "Bonin"]
[Black "Hossa"]
[Result "0-1"]
[WhiteElo "2357"]
[BlackElo "2433"]
[PlyCount "72"]

1. d4 d5 2. c4 e6 3. Nf3 Nf6 4. Nc3 Nc6 5. Bg5 dxc4 6. e3 h6 7. Bxf6 Qxf6 8.
Bxc4 Bb4 9. O-O O-O 10. Rc1 Rd8 11. Ne4 Qf5 12. Bd3 Qh5 13. Ng3 Qa5 14. Bb1 Qa6
15. Qc2 f5 16. a3 Bd6 17. d5 Bxg3 18. dxc6 Bd6 19. Nd4 Be5 20. Rfd1 bxc6 21.
Nxc6 Rxd1+ 22. Rxd1 Bf6 23. Ba2 Kh8 24. e4 Bb7 25. Nb4 Qb5 26. exf5 Qxf5 27.
Qxc7 Bxg2 28. Bb1 Be4 29. Bxe4 Qg4+ 30. Qg3 Qxd1+ 31. Kg2 Rc8 32. Qg6 Kg8 33.
Nc6 Qd7 34. Qh7+ Kf8 35. Nxa7 Rc7 36. Qh8+ Kf7 0-1

[Event "ICS rated blitz match"]
[Site "204.178.125.65"]
[Date "2000.02.14"]
[Round "?"]
[White "Hossa"]
[Black "Jorquera"]
[Result "1-0"]
[WhiteElo "2446"]
[BlackElo "2337"]
[PlyCount "167"]

1. e4 d5 2. exd5 Nf6 3. Bb5+ Bd7 4. Bc4 Bg4 5. f3 Bf5 6. Nc3 Nbd7 7. Qe2 Nb6 8.
Bb3 Qd7 9. g4 Bg6 10. d6 Qxd6 11. g5 Nfd5 12. Nxd5 Nxd5 13. Qb5+ c6 14. Qxb7
Rb8 15. Qxa7 e6 16. Ne2 Be7 17. Nd4 O-O 18. Nxc6 Qxc6 19. Ba4 Qc5 20. Qxc5 Bxc5
21. d3 Bb4+ 22. Ke2 Bd6 23. Bb3 Bf4 24. h4 Bxc1 25. Rhxc1 Rfd8 26. Rh1 Rbc8 27.
Kd2 Nb4 28. Rh2 Bf5 29. Ke1 Nc6 30. Ba4 Nd4 31. Rf2 Ra8 32. b3 Bg6 33. Kd2 Bh5
34. Raf1 Rac8 35. c3 Nf5 36. Rh2 Rc5 37. b4 Rcc8 38. Bb3 h6 39. a4 Kf8 40. a5
hxg5 41. hxg5 Bg6 42. Bc2 Nd6 43. Rfh1 Ke7 44. Rh4 Nc4+ 45. Rxc4 Rxc4 46. Rh2
Rc7 47. Re2 f6 48. gxf6+ gxf6 49. Rg2 Bf5 50. Rg7+ Kd6 51. Rxc7 Kxc7 52. d4 e5
53. Bxf5 exd4 54. cxd4 Rxd4+ 55. Kc3 Rf4 56. Be4 f5 57. Bd5 Kd6 58. Ba8 Kc7 59.
Kb3 Rd4 60. b5 f4 61. b6+ Kb8 62. Bc6 Rd6 63. Be4 Re6 64. Kc4 Rh6 65. Kc5 Rh5+
66. Bd5 Rh1 67. a6 Ra1 68. a7+ Rxa7 69. bxa7+ Kxa7 70. Kd4 Kb6 71. Ke4 Kc5 72.
Ke5 Kb4 73. Kxf4 Kc5 74. Ke5 Kb4 75. f4 Kc3 76. f5 Kd3 77. f6 Ke3 78. f7 Kd3
79. f8=Q Kc3 80. Qf5 Kb4 81. Kd4 Kb5 82. Qb1+ Ka6 83. Qb4 Ka7 84. Qb7# 1-0

[Event "ICS rated blitz match"]
[Site "204.178.125.65"]
[Date "2000.02.14"]
[Round "?"]
[White "j724"]
[Black "Hossa"]
[Result "1/2-1/2"]
[WhiteElo "2083"]
[BlackElo "2457"]
[PlyCount "84"]

1. d4 d5 2. Nf3 Nf6 3. Bf4 Bf5 4. e3 e6 5. Nbd2 Nbd7 6. h3 Bd6 7. Ne5 O-O 8. g4
Be4 9. f3 Bg6 10. h4 h6 11. Nxg6 fxg6 12. Bxd6 cxd6 13. Bd3 Qe8 14. Qe2 e5 15.
c3 exd4 16. exd4 Qf7 17. O-O-O Rae8 18. Qg2 Re3 19. Bc2 Ne8 20. Rde1 Rxe1+ 21.
Rxe1 Nc7 22. g5 h5 23. Qh3 Nb6 24. Bd3 Nc4 25. b3 Nxd2 26. Kxd2 Re8 27. Rxe8+
Qxe8 28. Qg3 Qe6 29. c4 Kh7 30. c5 Ne8 31. cxd6 Qxd6 32. Qe5 Qd7 33. f4 Qf7 34.
f5 gxf5 35. Bxf5+ g6 36. Qe6 Qxf5 37. Qxe8 Qf2+ 38. Kd3 Qf1+ 39. Kd2 Qf2+ 40.
Kd3 Qf1+ 41. Kd2 Qf2+ 42. Kd3 Qf1+ 1/2-1/2

[Event "ICS rated blitz match"]
[Site "204.178.125.65"]
[Date "2000.02.14"]
[Round "?"]
[White "kingwalk"]
[Black "Hossa"]
[Result "0-1"]
[WhiteElo "2164"]
[BlackElo "2444"]
[PlyCount "35"]

1. e4 e5 2. Nf3 Nc6 3. Bb5 Nf6 4. O-O Bc5 5. Nc3 O-O 6. Nxe5 Nxe5 7. d4 Bd6 8.
dxe5 Bxe5 9. Re1 c6 10. Bc4 Qc7 11. g3 d6 12. f4 Bxc3 13. bxc3 Re8 14. Bd3 Bg4
15. Qd2 Bf3 16. e5 dxe5 17. fxe5 Rxe5 18. Bb2 0-1

[Event "ICS rated blitz match"]
[Site "204.178.125.65"]
[Date "2000.02.14"]
[Round "?"]
[White "Hossa"]
[Black "kingwalk"]
[Result "1/2-1/2"]
[WhiteElo "2448"]
[BlackElo "2157"]
[PlyCount "81"]

1. e4 g6 2. d4 Bg7 3. Nc3 d6 4. Nf3 Nf6 5. Bd3 O-O 6. O-O Bg4 7. e5 dxe5 8.
dxe5 Nd5 9. Nxd5 Qxd5 10. Bf4 Bxf3 11. Qxf3 Qxf3 12. gxf3 e6 13. Bg3 Rd8 14.
Rfd1 Nc6 15. f4 Bf8 16. Be4 Be7 17. Bxc6 bxc6 18. Kg2 Kf8 19. b3 Ke8 20. a4
Rxd1 21. Rxd1 Rd8 22. Rxd8+ Kxd8 23. f3 Bc5 24. Bf2 Bb6 25. Bh4+ Kd7 26. Kf1
Be3 27. Bg5 c5 28. Ke2 Bg1 29. h4 Kc6 30. Kd3 Kd5 31. Bf6 h5 32. Bg7 Bf2 33.
Bf6 Bg3 34. Bg5 Bf2 35. Kd2 Bg3 36. c3 c4 37. b4 a6 38. Ke2 Kc6 39. Ke3 Kd5 40.
Ke2 Kc6 41. Ke3 1/2-1/2

[Event "ICS rated blitz match"]
[Site "204.178.125.65"]
[Date "2000.02.14"]
[Round "?"]
[White "kingwalk"]
[Black "Hossa"]
[Result "0-1"]
[WhiteElo "2172"]
[BlackElo "2439"]
[PlyCount "126"]

1. g3 Nf6 2. Bg2 d5 3. Nf3 e6 4. O-O h5 5. c4 h4 6. Nxh4 dxc4 7. Qa4+ c6 8.
Qxc4 e5 9. d3 Be6 10. Qc2 Nbd7 11. Nc3 Be7 12. Nf3 Nd5 13. a3 Nxc3 14. bxc3 g5
15. d4 exd4 16. Nxd4 Bd5 17. e4 Bc4 18. Rd1 Bf6 19. Nf5 Be5 20. Nd6+ Bxd6 21.
Rxd6 Qe7 22. Rd4 b5 23. f4 c5 24. Rd1 Qe6 25. e5 Bb3 26. Qd2 Rd8 27. Re1 gxf4
28. Qxf4 Qg6 29. Be3 a5 30. Bf2 Qh7 31. h4 Qg6 32. Be4 Qe6 33. Bf5 Qc6 34. e6
fxe6 35. Bxe6 Bxe6 36. Rxe6+ Qxe6 37. Re1 Qxe1+ 38. Bxe1 Rh7 39. c4 Re7 40. Bc3
b4 41. axb4 axb4 42. Bb2 Re2 43. Bg7 Ra8 44. Qf3 Raa2 45. h5 Re1+ 46. Qf1 Rxf1+
47. Kxf1 b3 48. h6 Kf7 49. Bc3 Kg6 50. h7 Kxh7 51. g4 Rc2 52. Ke1 Rxc3 53. Kd2
Rxc4 54. Kd3 Ne5+ 55. Ke3 Nxg4+ 56. Kf3 Kg6 57. Kg3 Rc3+ 58. Kf4 Re3 59. Kxg4
b2 60. Kf4 Rd3 61. Ke4 b1=Q 62. Kf4 Qc1+ 63. Kg4 Qc4# 0-1

[Event "ICS rated blitz match"]
[Site "204.178.125.65"]
[Date "2000.02.14"]
[Round "?"]
[White "blackbear2"]
[Black "Hossa"]
[Result "0-1"]
[WhiteElo "2112"]
[BlackElo "2449"]
[PlyCount "35"]

1. c4 e5 2. Nc3 Nf6 3. g3 c6 4. Bg2 d5 5. cxd5 cxd5 6. Qb3 Nc6 7. Nxd5 Nd4 8.
Nxf6+ Qxf6 9. Qd3 Bf5 10. e4 Qc6 11. Kf1 Be6 12. Qc3 Qa6+ 13. d3 Rc8 14. Qd2
Nc2 15. Nf3 Nxa1 16. Nxe5 Qxa2 17. Bf3 Bh3+ 18. Ke2 0-1

[Event "ICS rated blitz match"]
[Site "204.178.125.65"]
[Date "2000.02.14"]
[Round "?"]
[White "OddChess"]
[Black "Hossa"]
[Result "1-0"]
[WhiteElo "2374"]
[BlackElo "2453"]
[PlyCount "81"]

1. e4 e5 2. Nf3 Nc6 3. Bb5 Nf6 4. d4 exd4 5. O-O Bc5 6. e5 Ng8 7. c3 dxc3 8.
Nxc3 a6 9. Qa4 Nge7 10. Bxc6 bxc6 11. Rd1 O-O 12. Ne4 Ba7 13. Bg5 Qe8 14. Nc3
Ng6 15. Re1 Qe6 16. Rad1 Re8 17. Be3 c5 18. Nd5 Bb6 19. Bxc5 Bxc5 20. Nxc7 Qb6
21. Nxa8 Qxb2 22. Nc7 Bxf2+ 23. Kh1 Rf8 24. Rb1 Qc3 25. Rec1 Qe3 26. Nd5 Qa7
27. Rc7 Qa8 28. Qe4 Kh8 29. Ng5 a5 30. Nxh7 Bb7 31. Nxf8 Bxd5 32. Nxg6+ fxg6
33. Qxg6 Be4 34. Qg5 Bxb1 35. Rxd7 Qg8 36. e6 Bg6 37. Qxg6 Bh4 38. Rd5 Bg5 39.
Rxg5 Qh7 40. Qe8+ Qg8 41. Rh5# 1-0

[Event "ICS rated blitz match"]
[Site "204.178.125.65"]
[Date "2000.02.14"]
[Round "?"]
[White "Hossa"]
[Black "MissSilicon"]
[Result "0-1"]
[WhiteElo "2447"]
[BlackElo "2653"]
[PlyCount "84"]

1. e4 e5 2. Nf3 Nf6 3. Nxe5 d6 4. Nxf7 Kxf7 5. d4 Bg4 6. Bc4+ d5 7. Bxd5+ Qxd5
8. exd5 Bxd1 9. Kxd1 Nxd5 10. c4 Nb4 11. Be3 Nd7 12. Nc3 Re8 13. a3 Nc6 14. Nb5
Re4 15. d5 Na5 16. Nxc7 Nxc4 17. Ke2 Bc5 18. Kf3 Re5 19. Bxc5 Nxc5 20. b4 Nd2+
21. Kg3 Rc8 22. Rhd1 Nce4+ 23. Kf4 Nc4 24. Ne6 Nc3 25. Nc5 Nxd1 26. Rxd1 g5+
27. Kf3 b6 28. Ne6 Nxa3 29. Kg3 Nc2 30. b5 Nb4 31. f4 Rc3+ 32. Kg4 h5+ 33. Kxh5
gxf4+ 34. Kh6 Nxd5 35. Nd8+ Kf6 36. Nc6 Rg5 37. g3 Re3 38. Rxd5 Rxd5 39. Ne5
Rdxe5 40. h4 fxg3 41. Kh7 Rh5+ 42. Kg8 Re8# 0-1

[Event "ICS rated blitz match"]
[Site "204.178.125.65"]
[Date "2000.02.14"]
[Round "?"]
[White "Hossa"]
[Black "dyarbro"]
[Result "1-0"]
[WhiteElo "2440"]
[BlackElo "2167"]
[PlyCount "49"]

1. e4 d5 2. exd5 Qxd5 3. Nc3 Qa5 4. d4 Nf6 5. Nf3 Nc6 6. Bb5 Bd7 7. O-O a6 8.
Bxc6 Bxc6 9. Ne5 e6 10. Nxc6 bxc6 11. Qf3 Qb6 12. Na4 Qb5 13. b3 Be7 14. Qg3
O-O 15. Qxc7 Nd5 16. Qg3 Qb4 17. c4 Nf6 18. Bh6 Ne8 19. Bg5 Bxg5 20. Qxg5 Nf6
21. Nc5 Rfd8 22. Rfd1 a5 23. a3 Qc3 24. Qf4 Rd6 25. Qxd6 1-0

[Event "ICS rated blitz match"]
[Site "204.178.125.65"]
[Date "2000.02.14"]
[Round "?"]
[White "dyarbro"]
[Black "Hossa"]
[Result "0-1"]
[WhiteElo "2161"]
[BlackElo "2446"]
[PlyCount "64"]

1. e4 e5 2. d4 exd4 3. c3 dxc3 4. Bc4 cxb2 5. Bxb2 d6 6. Nc3 Nc6 7. Nf3 Be6 8.
Bxe6 fxe6 9. Qb3 Qc8 10. O-O-O Be7 11. e5 d5 12. h4 Bc5 13. Rd2 Nge7 14. h5 h6
15. g4 O-O 16. Rh3 b6 17. g5 hxg5 18. Nxg5 Na5 19. Qc2 Rf5 20. f4 Nc4 21. Rg2
Be3+ 22. Kb1 Bxf4 23. Nf3 Ne3 24. Qe2 Nxg2 25. Qxg2 Bh6 26. Rg3 Qe8 27. Bc1
Qxh5 28. Bxh6 Qxh6 29. Ng5 Rxe5 30. Ne2 Nf5 31. Rg4 Ne3 32. Nf7 Qh7+ 0-1

[Event "ICS Rated blitz match"]
[Site "204.178.125.65"]
[Date "2000.02.14"]
[Round "?"]
[White "MissSilicon"]
[Black "Hossa"]
[Result "1-0"]
[WhiteElo "2636"]
[BlackElo "2451"]
[PlyCount "141"]

1. e4 e5 2. Nf3 Nc6 3. Bc4 Nf6 4. Ng5 d5 5. exd5 Na5 6. Bb5+ c6 7. dxc6 bxc6 8.
Qf3 Rb8 9. Bd3 h6 10. Ne4 Nd5 11. O-O Nb4 12. Re1 Nxd3 13. cxd3 Be6 14. Qg3 f6
15. f4 Qd4+ 16. Kh1 Rd8 17. Qg6+ Kd7 18. fxe5 Qxe5 19. Nbc3 Kc8 20. Re3 Bf5 21.
Qh5 Bd7 22. Qxe5 fxe5 23. Rf3 Bb4 24. b3 Bg4 25. Rg3 Rhf8 26. h3 Rf1+ 27. Kh2
Bd7 28. Rxg7 Bf8 29. Rg6 Bf5 30. Rf6 Bg7 31. Rf7 Rd7 32. Rxd7 Bxd7 33. Bb2 Rxa1
34. Bxa1 Nb7 35. Ne2 c5 36. Nf4 Kd8 37. Ng6 Bb5 38. Nf2 h5 39. Bxe5 Bxe5+ 40.
Nxe5 Ke7 41. Kg3 Be8 42. Kf4 Nd8 43. Ke4 Ke6 44. d4 cxd4 45. Nfd3 Kf6 46. Nf4
Kg5 47. Nf3+ Kh6 48. Kxd4 Bc6 49. Ke3 Nf7 50. d4 a5 51. Ne5 Nxe5 52. dxe5 Kg5
53. Ne6+ Kh4 54. Nd4 Bxg2 55. e6 Bxh3 56. Kf4 Bxe6 57. Nxe6 Kh3 58. Ng7 Kg2 59.
Nxh5 Kh2 60. a3 Kg2 61. b4 a4 62. b5 Kf2 63. b6 Ke2 64. Ke4 Kd2 65. b7 Kc3 66.
b8=Q Kc2 67. Qb4 Kd1 68. Qb1+ Ke2 69. Qc2+ Kf1 70. Nf4 Kg1 71. Qg2# 1-0

[Event "ICS rated blitz match"]
[Site "204.178.125.65"]
[Date "2000.02.14"]
[Round "?"]
[White "Hossa"]
[Black "Beadle"]
[Result "0-1"]
[WhiteElo "2443"]
[BlackElo "2593"]
[PlyCount "146"]

1. e4 e5 2. Nf3 Nc6 3. Bb5 a6 4. Ba4 Nf6 5. O-O Be7 6. Re1 b5 7. Bb3 d6 8. c3
O-O 9. h3 Bb7 10. d4 Re8 11. Nbd2 Bf8 12. a4 h6 13. Bc2 exd4 14. cxd4 Nb4 15.
Bb1 bxa4 16. Rxa4 a5 17. Ra3 Ra6 18. Nh2 Qa8 19. Rc3 c5 20. dxc5 dxc5 21. e5
Nfd5 22. Rg3 Nf4 23. Qg4 Ng6 24. Qh5 Bxg2 25. f3 Bxh3 26. Qxh3 Nxe5 27. f4 Ng6
28. Rxe8 Qxe8 29. Ne4 Bd6 30. Qf5 Qd8 31. Nf1 c4 32. Rc3 Qc7 33. b3 Bxf4 34.
Rxc4 Qa7+ 35. Kh1 Bxc1 36. Rc8+ Kh7 37. Rxc1 Qe7 38. Kg1 Re6 39. Ne3 Nc6 40.
Nd5 Qa3 41. Rf1 Nce5 42. Bc2 Kh8 43. Nec3 Rc6 44. Na4 Kg8 45. Qe4 Qd6 46. Ne3
Qe7 47. Nc4 Qa7+ 48. Kg2 Nxc4 49. bxc4 Re6 50. Qg4 Ne5 51. Qe4 g6 52. Qf4 f5
53. c5 Qb7+ 54. Kg3 Kh7 55. Rb1 Qd7 56. Rd1 Qb5 57. Re1 Qe8 58. Bb3 Re7 59. Bc2
h5 60. Rf1 Ng4 61. Rf3 Re2 62. Qc7+ Kh6 63. Qf4+ g5 64. Qd6+ Re6 65. Qd2 h4+
66. Kh3 Re2 67. Qd6+ Kh5 68. Qc7 Nf2+ 69. Kh2 Nh3+ 70. Kh1 Re1+ 71. Kh2 Qe2+
72. Rf2 Qxf2+ 73. Kxh3 g4# 0-1

[Event "ICS Rated blitz match"]
[Site "204.178.125.65"]
[Date "2000.02.14"]
[Round "?"]
[White "Hossa"]
[Black "MissSilicon"]
[Result "0-1"]
[WhiteElo "2434"]
[BlackElo "2644"]
[PlyCount "136"]

1. e4 e5 2. Nf3 Nc6 3. Bb5 Bc5 4. c3 Nf6 5. d4 exd4 6. e5 Qe7 7. O-O Ne4 8.
cxd4 Bb4 9. Qc2 f5 10. Nc3 Bxc3 11. bxc3 d5 12. Bxc6+ bxc6 13. Qb3 Ba6 14. Ba3
Qe6 15. Rfe1 Bc4 16. Qb7 Rc8 17. Qxa7 Kd7 18. Bd6 Nxc3 19. a4 Ne4 20. a5 g5 21.
Qb7 g4 22. Nh4 Rhe8 23. Rxe4 fxe4 24. Rb1 Kd8 25. Bc5 Bd3 26. Re1 Kd7 27. Bd6
Ba6 28. Qa7 Qh6 29. Nf5 Qd2 30. Ra1 Qc3 31. Rd1 Qxa5 32. Bb4 Qxb4 33. Qxa6 Qf8
34. Ne3 Ra8 35. Qe2 h5 36. Qc2 Qa3 37. Rc1 Re6 38. Rb1 Qd3 39. Qb2 Ree8 40. Rd1
Reb8 41. Qc1 Qa3 42. e6+ Kxe6 43. Qxc6+ Qd6 44. Qc2 Kd7 45. Re1 c6 46. Rc1 Qf6
47. Rd1 Rb4 48. Qd2 Raa4 49. Qe2 Rxd4 50. Rb1 Rdb4 51. Re1 Rb2 52. Qf1 Rd2 53.
Rb1 Raa2 54. Nd1 e3 55. fxe3 Qxf1+ 56. Kxf1 Rxg2 57. Rb7+ Kd6 58. Nc3 Raf2+ 59.
Ke1 Rc2 60. Rf7 Rxh2 61. Rf6+ Ke7 62. Rf4 g3 63. Kd1 Rhd2+ 64. Ke1 g2 65. Nxd5+
Rxd5 66. Re4+ Kd6 67. Rg4 hxg4 68. e4 g1=Q# 0-1

[Event "ICS Rated blitz match"]
[Site "204.178.125.65"]
[Date "2000.02.14"]
[Round "?"]
[White "Amateur"]
[Black "Hossa"]
[Result "1-0"]
[WhiteElo "2410"]
[BlackElo "2427"]
[PlyCount "137"]

1. c4 e5 2. Nc3 Nf6 3. Nf3 Nc6 4. g3 Bb4 5. Bg2 O-O 6. O-O e4 7. Ng5 Bxc3 8.
dxc3 Re8 9. Qc2 Qe7 10. Bf4 d6 11. Qb3 h6 12. Nh3 Qe6 13. c5 Qxb3 14. axb3 g5
15. Be3 d5 16. Rfd1 Bg4 17. Re1 Ne5 18. Bd4 Nfd7 19. Ra4 f5 20. Be3 Re6 21. Rd4
c6 22. Ra4 Rg6 23. c4 f4 24. gxf4 Bxh3 25. fxe5 Bxg2 26. Kxg2 Nxe5 27. cxd5
cxd5 28. Rd1 Ng4 29. Rxd5 b6 30. Bd4 bxc5 31. Bxc5 a6 32. Rxe4 Nf6 33. Re6 Nxd5
34. Rxg6+ Kh7 35. Rd6 Nf4+ 36. Kf3 Ng6 37. Kg4 Nf4 38. e3 Ng6 39. Kh5 Nh4 40.
Rxh6+ Kg8 41. f4 Nf3 42. fxg5 Rc8 43. Bd6 Re8 44. Bf4 a5 45. Ra6 Nd2 46. Rxa5
Nxb3 47. Rb5 Nd2 48. Rb8 Rxb8 49. Bxb8 Nc4 50. b4 Nxe3 51. b5 Nd5 52. Kg4 Nc3
53. b6 Na4 54. Bc7 Nc5 55. h4 Kg7 56. Be5+ Kf7 57. Kf5 Ke7 58. h5 Kd7 59. g6
Kc6 60. h6 Nd7 61. g7 Kd5 62. g8=Q+ Kc6 63. Qe6+ Kc5 64. b7 Nb8 65. Bxb8 Kb4
66. Bd6+ Kc3 67. b8=Q Kd3 68. Qbb3+ Kd4 69. Qe5# 1-0

[Event "ICS Rated blitz match"]
[Site "204.178.125.65"]
[Date "2000.02.14"]
[Round "?"]
[White "Beadle"]
[Black "Hossa"]
[Result "1-0"]
[WhiteElo "2602"]
[BlackElo "2410"]
[PlyCount "99"]

1. Nf3 d5 2. g3 Nf6 3. Bg2 c6 4. b3 e6 5. d3 Bd6 6. Nbd2 O-O 7. Bb2 Re8 8. Be5
Bxe5 9. Nxe5 Nbd7 10. Ndf3 Nxe5 11. Nxe5 Qc7 12. f4 Qb6 13. d4 c5 14. c3 cxd4
15. Qxd4 Qb5 16. Rd1 Nd7 17. Nxd7 Bxd7 18. c4 Qa6 19. Qb2 Rad8 20. cxd5 exd5
21. Rxd5 Re3 22. Bf3 Qe6 23. f5 Qe8 24. Kf2 Ra8 25. Qd4 Re7 26. f6 gxf6 27.
Qxf6 Re6 28. Rg5+ Kf8 29. Qg7+ Ke7 30. Bxb7 h6 31. Re5 Rd8 32. Rc1 Qf8 33.
Rxe6+ Kxe6 34. Qd4 Qa3 35. Rd1 Qf8 36. Qe4+ Kf6 37. Qf4+ Ke7 38. Bc6 f5 39.
Qe5+ Kf7 40. Bxd7 Ra8 41. Rd6 Qe7 42. Be6+ Ke8 43. Qh8+ Qf8 44. Bd7+ Ke7 45.
Qe5+ Kf7 46. Qf6+ Kg8 47. Be6+ Kh7 48. Rd7+ Qf7 49. Rxf7+ Kg8 50. Rxa7# 1-0

[Event "ICS Rated blitz match"]
[Site "204.178.125.65"]
[Date "2000.02.14"]
[Round "?"]
[White "Hossa"]
[Black "sekere"]
[Result "1-0"]
[WhiteElo "2402"]
[BlackElo "2080"]
[PlyCount "105"]

1. e4 c5 2. Nf3 d6 3. d4 cxd4 4. Nxd4 Nf6 5. Nc3 a6 6. Bg5 e6 7. f4 Be7 8. Qf3
Qc7 9. O-O-O Nbd7 10. g4 b5 11. Bxf6 gxf6 12. Qh3 b4 13. Nce2 Bb7 14. Bg2 Rc8
15. Rd2 Nc5 16. Qe3 O-O 17. Rhd1 Rfd8 18. Kb1 d5 19. exd5 Bxd5 20. Bxd5 Rxd5
21. h4 Rcd8 22. Ng3 b3 23. axb3 a5 24. Nb5 Qb7 25. Rxd5 Rxd5 26. Rxd5 Qxd5 27.
Qe2 a4 28. b4 Nd7 29. c4 Qc6 30. c5 Qd5 31. Nc3 Qb3 32. Qd1 Qxb4 33. Qxd7 Bxc5
34. Qe8+ Bf8 35. Qxa4 Qd6 36. Nh5 Qd3+ 37. Qc2 Qf1+ 38. Qd1 Qg2 39. Nxf6+ Kg7
40. Nd7 Be7 41. h5 h6 42. Qe2 Qg1+ 43. Kc2 Qa7 44. Ne5 Bf6 45. Kb3 Qb7+ 46. Qb5
Qg2 47. Qb8 Qg3 48. Qc7 Bxe5 49. Qxe5+ Kg8 50. g5 Qg4 51. gxh6 Kh7 52. Kc4 Kxh6
53. Qh8# 1-0

[Event "ICS rated blitz match"]
[Site "204.178.125.65"]
[Date "2000.02.14"]
[Round "?"]
[White "sekere"]
[Black "Hossa"]
[Result "0-1"]
[WhiteElo "2071"]
[BlackElo "2406"]
[PlyCount "31"]

1. e4 e5 2. f4 exf4 3. Bc4 Nf6 4. Nc3 c6 5. Bb3 d5 6. exd5 cxd5 7. d4 Bd6 8.
Nge2 O-O 9. O-O f3 10. Rxf3 Bg4 11. Rf1 Re8 12. Bg5 Bxh2+ 13. Kh1 Bc7 14. Qd2
Qd6 15. g3 Rxe2 16. Nxe2 0-1

[Event "ICS rated blitz match"]
[Site "204.178.125.65"]
[Date "2000.02.14"]
[Round "?"]
[White "Hossa"]
[Black "sekere"]
[Result "1-0"]
[WhiteElo "2410"]
[BlackElo "2067"]
[PlyCount "69"]

1. e4 e5 2. Nf3 Nc6 3. Bb5 a6 4. Ba4 Nf6 5. O-O b5 6. Bb3 Be7 7. Re1 O-O 8. d4
exd4 9. e5 Ne8 10. Nxd4 Nxd4 11. Qxd4 c5 12. Qe4 Rb8 13. Bd5 Nc7 14. Rd1 Re8
15. Bf4 Nxd5 16. Qxd5 Bb7 17. Qxd7 Qxd7 18. Rxd7 Rbd8 19. Rxd8 Rxd8 20. Nd2 g5
21. Be3 c4 22. a4 c3 23. bxc3 Bc6 24. axb5 axb5 25. c4 Bb4 26. cxb5 Bxb5 27.
Ne4 Bc6 28. Bxg5 Rc8 29. Nf6+ Kg7 30. Ra6 Bb5 31. Rb6 Rxc2 32. Nh5+ Kf8 33.
Rxb5 Be7 34. Rb8+ Bd8 35. Rxd8# 1-0

[Event "ICS Rated blitz match"]
[Site "204.178.125.65"]
[Date "2000.02.14"]
[Round "?"]
[White "Beadle"]
[Black "Hossa"]
[Result "1/2-1/2"]
[WhiteElo "2614"]
[BlackElo "2414"]
[PlyCount "142"]

1. e4 e5 2. Nf3 Nc6 3. Bb5 Nf6 4. d3 d6 5. Nc3 Be7 6. O-O O-O 7. Bxc6 bxc6 8.
Qe2 Nd7 9. Rd1 Ba6 10. Rb1 c5 11. b4 f5 12. exf5 cxb4 13. Rxb4 c5 14. Rg4 Rxf5
15. Qe4 Rf7 16. Bg5 Rb8 17. Bxe7 Rxe7 18. Nd5 Re8 19. Ng5 Nf8 20. Nb4 Bb7 21.
Qc4+ d5 22. Qxc5 a5 23. Nxd5 Qxd5 24. Qa3 Bc8 25. Ra4 Qc6 26. Rc1 Ng6 27. g3
Qf6 28. Ne4 Qf3 29. Ng5 Qh5 30. h4 h6 31. Qd6 Bb7 32. Ne4 Nh8 33. Rxa5 Nf7 34.
Qb4 Qf3 35. a4 Bc6 36. Qc4 Rbc8 37. Ra7 Rf8 38. Qe6 Bxe4 39. dxe4 Rcd8 40. Qb3
Qxe4 41. Rc7 Rb8 42. Qa2 Ra8 43. a5 Qe2 44. Rb1 e4 45. Rbb7 Qe1+ 46. Kg2 Rxa5
47. Rxf7 Qxf2+ 48. Kxf2 Rxa2 49. Rxf8+ Kxf8 50. Rc7 Ra3 51. c3 Ra1 52. Rc4 Rc1
53. g4 g6 54. Ke3 Rh1 55. Rxe4 Rxh4 56. c4 Kf7 57. c5 h5 58. c6 hxg4 59. c7 Rh8
60. Rxg4 Ke6 61. Rxg6+ Kd7 62. Rg7+ Kc8 63. Rf7 Rh3+ 64. Kd4 Rh4+ 65. Kd3 Rg4
66. Re7 Rg3+ 67. Kd4 Rg4+ 68. Kd5 Rg5+ 69. Kd6 Rg6+ 70. Re6 Rxe6+ 71. Kxe6 Kxc7
1/2-1/2

[Event "ICS Rated blitz match"]
[Site "204.178.125.65"]
[Date "2000.02.14"]
[Round "?"]
[White "Hossa"]
[Black "MissSilicon"]
[Result "0-1"]
[WhiteElo "2422"]
[BlackElo "2647"]
[PlyCount "74"]

1. e4 c5 2. Nf3 e6 3. d4 cxd4 4. Nxd4 Nc6 5. Nb5 d6 6. c4 Nf6 7. N1c3 a6 8. Na3
Be7 9. Be2 O-O 10. O-O b6 11. Be3 Ne5 12. f4 Ned7 13. Bf3 Bb7 14. Qd4 e5 15.
Qd2 Qc7 16. Rad1 exf4 17. Bxf4 Ne5 18. Qd4 Rfe8 19. Qf2 d5 20. Nxd5 Bxd5 21.
exd5 Bc5 22. Rd4 Nxf3+ 23. gxf3 Qc8 24. Nc2 b5 25. b3 Nh5 26. Bd2 Kh8 27. Re1
bxc4 28. bxc4 Rb8 29. Rxe8+ Qxe8 30. Be3 Bxd4 31. Bxd4 Rb1+ 32. Kg2 Nf4+ 33.
Kg3 Ne2+ 34. Kh3 Rc1 35. Na3 Rg1 36. Qe3 Qc8+ 37. Kh4 Rg2 0-1

[Event "ICS Rated blitz match"]
[Site "204.178.125.65"]
[Date "2000.02.14"]
[Round "?"]
[White "Amateur"]
[Black "Hossa"]
[Result "1-0"]
[WhiteElo "2473"]
[BlackElo "2415"]
[PlyCount "113"]

1. Nf3 d5 2. d4 c5 3. dxc5 e6 4. e4 Bxc5 5. exd5 Nf6 6. Bb5+ Bd7 7. Bxd7+ Qxd7
8. Nc3 Nxd5 9. Nxd5 exd5 10. O-O O-O 11. Ne5 Qd6 12. Bf4 Re8 13. Qh5 g6 14. Qg4
f5 15. Qg3 Nd7 16. Rfe1 Nxe5 17. Bxe5 Qe6 18. Qd3 Rad8 19. Rad1 Qb6 20. Qd2 d4
21. Qd3 Qe6 22. a4 Rd5 23. f4 Re7 24. Rf1 a6 25. Rf2 Rdd7 26. Re2 Qa2 27. b3
Rd5 28. Kh1 Red7 29. Bf6 Kf7 30. Be5 Kg8 31. Bb8 Qb2 32. Re8+ Kf7 33. Re5 b5
34. axb5 axb5 35. c4 Rxe5 36. Bxe5 b4 37. Qf3 Qc2 38. Re1 Qc3 39. Qf2 Qxb3 40.
Qh4 Kg8 41. Qf6 Qc3 42. Qh8+ Kf7 43. Qxh7+ Ke8 44. Qxg6+ Rf7 45. Qc6+ Rd7 46.
Qc8+ Ke7 47. Qxc5+ Kf7 48. Rb1 Qc2 49. Qxb4 Kg6 50. Qb8 Kf7 51. Qb6 Rd8 52.
Qf6+ Ke8 53. Qg6+ Kf8 54. Bg7+ Ke7 55. Qf6+ Kd7 56. Rb7+ Kc8 57. Qc6# 1-0

[Event "ICS Rated blitz match"]
[Site "204.178.125.65"]
[Date "2000.02.14"]
[Round "?"]
[White "Hossa"]
[Black "DiepX"]
[Result "1/2-1/2"]
[WhiteElo "2402"]
[BlackElo "2596"]
[PlyCount "159"]

1. e4 e5 2. Nf3 Nc6 3. Bb5 a6 4. Ba4 Nf6 5. O-O Be7 6. Re1 b5 7. Bb3 d6 8. c3
O-O 9. h3 Bb7 10. d4 Re8 11. Nbd2 Bf8 12. a4 h6 13. Bc2 exd4 14. cxd4 Nb4 15.
Bb1 c5 16. d5 Nd7 17. Ra3 c4 18. axb5 axb5 19. Nd4 Rxa3 20. bxa3 Nd3 21. Bxd3
cxd3 22. Re3 Qb6 23. Bb2 Nc5 24. N4b3 f5 25. Qh5 Rxe4 26. Nxe4 fxe4 27. Qf5 Qc7
28. Nxc5 d2 29. Qh5 Qxc5 30. Qd1 Qxd5 31. Re2 Qg5 32. Rxd2 d5 33. Rc2 Qd8 34.
Qd4 Qd7 35. Qa7 Bd6 36. h4 Bf4 37. Kf1 b4 38. axb4 Qb5+ 39. Re2 Qxb4 40. h5 Bd6
41. Bd4 Qb5 42. f3 Bg3 43. Bc3 Qb1+ 44. Be1 Bc6 45. Qc5 exf3 46. gxf3 Bb5 47.
Qxd5+ Kh7 48. Qe4+ Qxe4 49. fxe4 Bxe2+ 50. Kxe2 Bxe1 51. Kxe1 g6 52. hxg6+ Kxg6
53. e5 Kf7 54. e6+ Kf6 55. e7 Kxe7 56. Kf2 Kf6 57. Kg2 Ke5 58. Kf3 Kd4 59. Kf4
h5 60. Kf3 h4 61. Kf4 Kd5 62. Kf3 Kd6 63. Ke4 Ke6 64. Kf3 h3 65. Kg3 Ke5 66.
Kh2 Kf4 67. Kh1 Ke4 68. Kh2 Ke5 69. Kh1 Ke6 70. Kh2 Kd7 71. Kh1 Kc8 72. Kh2 Kb7
73. Kh1 Kc6 74. Kh2 Kc5 75. Kg1 h2+ 76. Kh1 Kd6 77. Kg2 Ke7 78. Kh1 Kd8 79. Kg2
h1=Q+ 80. Kxh1 1/2-1/2

[Event "ICS Rated blitz match"]
[Site "204.178.125.65"]
[Date "2000.02.14"]
[Round "?"]
[White "DiepX"]
[Black "Hossa"]
[Result "1-0"]
[WhiteElo "2588"]
[BlackElo "2410"]
[PlyCount "83"]

1. e4 e5 2. Nf3 Nc6 3. Bb5 Nf6 4. O-O Bc5 5. c3 O-O 6. d4 Bb6 7. Re1 d6 8. a4
exd4 9. Bxc6 bxc6 10. a5 dxc3 11. b4 Bxf2+ 12. Kxf2 Rb8 13. Ba3 Ng4+ 14. Kg1 f5
15. Nxc3 fxe4 16. Nxe4 d5 17. Nc5 Qd6 18. h3 Nf6 19. Qe2 Nh5 20. Nd3 Bf5 21.
Nde5 Be4 22. b5 c5 23. Rac1 Nf4 24. Qa2 Nxh3+ 25. Kh1 Rxb5 26. Rxe4 Nf2+ 27.
Qxf2 dxe4 28. Qa2+ Kh8 29. Nf7+ Rxf7 30. Qxf7 Rb8 31. Ng5 Qh6+ 32. Nh3 Qd6 33.
Bxc5 Qd2 34. Rf1 h6 35. Nf4 Qxa5 36. Bd4 Rg8 37. Ng6+ Kh7 38. Ne7 Qh5+ 39. Qxh5
g6 40. Rf7+ Rg7 41. Rxg7+ Kh8 42. Qxh6# 1-0